[Event "TCh-CHN 2017"]
[Site "China CHN"]
[Date "2017.11.03"]
[Round "17.3"]
[Board "1"]
[White "Lu, Shanglei"]
[Black "Zhou, Weiqi"]
[Result "1/2-1/2"]
[WhiteTitle "GM"]
[BlackTitle "GM"]
[WhiteElo "2641"]
[BlackElo "2613"]
[WhiteTeam "Zhejiang"]
[BlackTeam "Chongqing"]
[WhiteFideId "8603332"]
[BlackFideId "8601674"]
[EventDate "2017.04.18"]

1. e4 e5 2. Nc3 Nf6 3. g3 d5 4. exd5 Nxd5 5. Bg2 Nxc3 6. bxc3 Bd6 7. Nf3 O-O 8.
O-O Nc6 9. d4 Bf5 10. Rb1 Rb8 11. Re1 Re8 12. dxe5 Nxe5 13. Nxe5 Rxe5 14. Rxe5
Bxe5 15. Qe2 Bxc3 16. Rxb7 Rxb7 17. Bxb7 h6 18. Qf3 Qf6 19. Be4 Bxe4 20. Qxe4
Bd4 21. Qe8+ Kh7 22. Qe4+ Kg8 23. Qa8+ Kh7 24. Qe4+ Kg8 25. Qe8+ Kh7 26. Qe4+
Kg8 27. Qe8+ 1/2-1/2

[Event "TCh-CHN 2017"]
[Site "China CHN"]
[Date "2017.11.03"]
[Round "17.3"]
[Board "3"]
[White "Lan, Zilun"]
[Black "Andreikin, Dmitry"]
[Result "1/2-1/2"]
[BlackTitle "GM"]
[WhiteElo "2361"]
[BlackElo "2712"]
[WhiteTeam "Zhejiang"]
[BlackTeam "Chongqing"]
[WhiteFideId "8604193"]
[BlackFideId "4158814"]
[EventDate "2017.04.18"]

1. d4 Nf6 2. c4 e6 3. Nf3 b6 4. g3 Bb4+ 5. Bd2 a5 6. Bg2 Bb7 7. O-O O-O 8. Nc3
d6 9. Rc1 Nbd7 10. Bg5 h6 11. Bxf6 Nxf6 12. Na4 d5 13. Ne5 Be7 14. c5 Ne4 15. f3
Nf6 16. cxb6 cxb6 17. Qb3 b5 18. Qxb5 Ba6 19. Qb3 Bxe2 20. Rf2 Bc4 21. Nxc4 dxc4
22. Qxc4 Rb8 23. a3 Nd5 24. f4 Ne3 25. Qd3 Nxg2 26. Rxg2 Qd5 27. Rc4 Rfd8 28.
Rd2 Qb5 29. Nc3 Qb3 30. Na4 Qb5 31. Nc3 Qa6 32. Qe2 Rd7 33. Rb4 Qa8 1/2-1/2

[Event "TCh-CHN 2017"]
[Site "China CHN"]
[Date "2017.11.03"]
[Round "17.3"]
[Board "4"]
[White "Lei, Tingjie"]
[Black "Ding, Yixin"]
[Result "1/2-1/2"]
[WhiteTitle "GM"]
[BlackTitle "WGM"]
[WhiteElo "2528"]
[BlackElo "2424"]
[WhiteTeam "Chongqing"]
[BlackTeam "Zhejiang"]
[WhiteFideId "8605114"]
[BlackFideId "8602972"]
[EventDate "2017.04.18"]

1. e4 e6 2. d4 d5 3. Nd2 dxe4 4. Nxe4 Bd7 5. Nf3 Bc6 6. Bd3 Nd7 7. O-O Ngf6 8.
Ng3 Bxf3 9. Qxf3 c6 10. Re1 Be7 11. c3 O-O 12. Bf4 Re8 13. Rad1 Nf8 14. c4 Ng6
15. Bg5 Qa5 16. h4 Rad8 17. a3 Rxd4 18. b4 Qxa3 19. h5 Red8 20. hxg6 Rxd3 21.
gxf7+ Kxf7 22. Qe2 Rxd1 23. Qxe6+ Kg6 24. Qf5+ Kf7 25. Qe6+ Kg6 26. Qf5+ Kf7 1/2-1/2

[Event "TCh-CHN 2017"]
[Site "China CHN"]
[Date "2017.11.03"]
[Round "17.3"]
[Board "5"]
[White "Tan, Zhongyi"]
[Black "Zhu, Jiner"]
[Result "1/2-1/2"]
[WhiteTitle "GM"]
[WhiteElo "2517"]
[BlackElo "2324"]
[WhiteTeam "Chongqing"]
[BlackTeam "Zhejiang"]
[WhiteFideId "8603642"]
[BlackFideId "8608059"]
[EventDate "2017.04.18"]

1. Nf3 Nf6 2. c4 e6 3. d4 b6 4. a3 Bb7 5. Nc3 d5 6. cxd5 Nxd5 7. e3 Be7 8. Bb5+
c6 9. Bd3 O-O 10. O-O c5 11. e4 Nxc3 12. bxc3 Ba6 13. Bxa6 Nxa6 14. Be3 Qc8 15.
Qe2 Rd8 16. Rfd1 Qb7 17. d5 exd5 18. exd5 Bf6 19. Rac1 Nc7 20. c4 Ne8 21. Bf4
Nd6 22. Re1 Qd7 23. h3 Re8 24. Qc2 h6 25. Bxd6 Qxd6 26. Qa4 Red8 27. Qa6 Qd7 28.
a4 Re8 29. a5 Qa4 30. Qb7 Qxa5 31. d6 Qa4 32. Rcd1 Rxe1+ 33. Rxe1 Rd8 34. Qd5
Qd7 35. Rd1 a5 36. Ne5 Bxe5 37. Qxe5 Qe6 38. Qg3 Rd7 39. Rd5 g6 40. f4 f5 41.
Qd3 Qe4 1/2-1/2

[Event "TCh-CHN 2017"]
[Site "China CHN"]
[Date "2017.11.03"]
[Round "17.4"]
[Board "1"]
[White "Xu, Xiangyu"]
[Black "Bai, Jinshi"]
[Result "1/2-1/2"]
[WhiteTitle "GM"]
[BlackTitle "GM"]
[WhiteElo "2549"]
[BlackElo "2556"]
[WhiteTeam "Chengdu"]
[BlackTeam "Hangzhou"]
[WhiteFideId "8608288"]
[BlackFideId "8602280"]
[EventDate "2017.04.18"]

1. e4 c5 2. Nf3 e6 3. d4 cxd4 4. Nxd4 Nc6 5. Nc3 Qc7 6. Be3 a6 7. Be2 Nf6 8. O-O
Be7 9. f4 d6 10. Qe1 O-O 11. Qg3 Nxd4 12. Bxd4 b5 13. a3 Bb7 14. Kh1 Bc6 15.
Rae1 Rac8 16. e5 dxe5 17. Bxe5 Qb7 18. f5 exf5 19. Rxf5 Ne8 20. Bd3 f6 21. Bd4
Rf7 22. Ne4 Qd7 23. Qf2 Bxe4 24. Bxe4 Nd6 25. Bd3 Nxf5 26. Bxf5 Qc6 27. Qe3 Rc7
28. Be6 Bf8 29. Bxf7+ Rxf7 30. Qb3 Qc4 31. Qxc4 bxc4 32. Kg1 Re7 33. Kf2 Kf7 34.
Rxe7+ Bxe7 35. Kf3 Ke6 36. g4 Kd5 37. c3 Bd6 38. h3 1/2-1/2

[Event "TCh-CHN 2017"]
[Site "China CHN"]
[Date "2017.11.03"]
[Round "17.4"]
[Board "2"]
[White "Moiseenko, Alexander"]
[Black "Ma, Qun"]
[Result "1/2-1/2"]
[WhiteTitle "GM"]
[BlackTitle "GM"]
[WhiteElo "2667"]
[BlackElo "2638"]
[WhiteTeam "Chengdu"]
[BlackTeam "Hangzhou"]
[WhiteFideId "14102560"]
[BlackFideId "8603154"]
[EventDate "2017.04.18"]

1. d4 d5 2. c4 c6 3. Nc3 Nf6 4. e3 e6 5. Nf3 Nbd7 6. Bd3 dxc4 7. Bxc4 b5 8. Bd3
b4 9. Ne4 Nxe4 10. Bxe4 Bb7 11. a3 bxa3 12. O-O Bd6 13. b4 Bxb4 14. Qa4 a5 15.
Bxa3 Bxa3 16. Qxa3 f5 17. Bd3 c5 18. dxc5 Bxf3 19. gxf3 Kf7 20. Rfd1 Qe7 21. c6
Qxa3 22. Rxa3 Ne5 23. Bb5 Rhc8 24. Rc3 Rc7 25. f4 Ng6 26. Ba4 Ne7 27. Rc5 g6 28.
Kg2 Nd5 29. Kg3 Nb6 30. Bb3 a4 31. Ba2 a3 32. f3 Nd5 33. Bxd5 exd5 34. Ra1 Ke6
35. Rc3 Ra6 36. Raxa3 Rxa3 37. Rxa3 Rxc6 1/2-1/2

[Event "TCh-CHN 2017"]
[Site "China CHN"]
[Date "2017.11.03"]
[Round "17.4"]
[Board "3"]
[White "Liu, Guanchu"]
[Black "Jakovenko, Dmitry"]
[Result "1/2-1/2"]
[WhiteTitle "IM"]
[BlackTitle "GM"]
[WhiteElo "2462"]
[BlackElo "2730"]
[WhiteTeam "Chengdu"]
[BlackTeam "Hangzhou"]
[WhiteFideId "8603901"]
[BlackFideId "4122356"]
[EventDate "2017.04.18"]

1. e4 c5 2. Nf3 d6 3. d4 cxd4 4. Nxd4 Nf6 5. Nc3 a6 6. Be3 e5 7. Nf3 Qc7 8. Be2
b5 9. a4 b4 10. Nd5 Nxd5 11. Qxd5 Bb7 12. Qc4 Qxc4 13. Bxc4 Be7 14. Nd2 Nd7 15.
f3 Rc8 16. O-O-O Nf6 17. Rhe1 d5 18. exd5 Nxd5 19. Bf2 Nc3 20. bxc3 bxc3 21. Nb3
Rxc4 22. Rxe5 Bc8 23. Bc5 Be6 24. Rd4 Rxd4 25. Nxd4 Bf6 26. Re4 Kd7 27. Nxe6
fxe6 28. Bd4 Rc8 29. Bxf6 gxf6 30. Rd4+ Ke7 31. Rh4 Kd6 32. Rxh7 Rc4 33. Rb7
Rxa4 34. Rb3 Ra1+ 35. Rb1 Ra4 36. Rb3 Ra1+ 37. Rb1 Ra5 38. Rb3 Ra1+ 1/2-1/2

[Event "TCh-CHN 2017"]
[Site "China CHN"]
[Date "2017.11.03"]
[Round "17.4"]
[Board "4"]
[White "Gu, Tianlu"]
[Black "Khademalsharieh, Sarasadat"]
[Result "0-1"]
[WhiteTitle "WIM"]
[BlackTitle "IM"]
[WhiteElo "2197"]
[BlackElo "2406"]
[WhiteTeam "Hangzhou"]
[BlackTeam "Chengdu"]
[WhiteFideId "8603995"]
[BlackFideId "12512214"]
[EventDate "2017.04.18"]

1. Nf3 d5 2. g3 c6 3. Bg2 Bg4 4. d3 Nd7 5. h3 Bh5 6. O-O e6 7. Qe1 Bd6 8. e4 Ne7
9. Nbd2 O-O 10. b3 a5 11. a3 Qb6 12. Kh2 Rad8 13. Bb2 Rfe8 14. Nh4 Ng6 15. Nxg6
Bxg6 16. f4 f6 17. Qf2 Bc5 18. d4 Bf8 19. Rae1 Bf7 20. e5 fxe5 21. fxe5 Bg6 22.
Nf3 Be7 23. Qd2 c5 24. Bc3 Ra8 25. a4 Rec8 26. h4 Bf5 27. Re2 Qc7 28. Qf4 c4 29.
Bb2 cxb3 30. cxb3 Bd3 31. Rc1 Bxe2 32. Rxc7 Rxc7 33. Ne1 Bb4 34. Qf2 Bd1 35. Qe3
Bxe1 36. Qxe1 Bxb3 37. Bc3 b6 38. Bd2 Bxa4 39. Qe2 Nf8 40. Bf4 b5 41. Qa2 Rc4
42. Be3 Bd1 43. Qb1 Ba4 44. Qa2 Rac8 45. h5 Rc2 46. Qa1 Re2 0-1

[Event "TCh-CHN 2017"]
[Site "China CHN"]
[Date "2017.11.03"]
[Round "17.4"]
[Board "5"]
[White "Harika, Dronavalli"]
[Black "Ren, Xiaoyi"]
[Result "1/2-1/2"]
[WhiteTitle "GM"]
[WhiteElo "2504"]
[BlackElo "2254"]
[WhiteTeam "Hangzhou"]
[BlackTeam "Chengdu"]
[WhiteFideId "5015197"]
[BlackFideId "8608709"]
[EventDate "2017.04.18"]

1. c4 Nf6 2. Nf3 c6 3. Nc3 d5 4. e3 Nbd7 5. Qc2 e6 6. b3 Bd6 7. Bb2 O-O 8. Be2
a6 9. d4 dxc4 10. Bxc4 b5 11. Bd3 Bb7 12. Ng5 h6 13. Nge4 Be7 14. Nxf6+ Nxf6 15.
Ne4 c5 16. dxc5 Nxe4 17. Bxe4 Bxe4 18. Qxe4 Bxc5 19. Qe5 Bb4+ 20. Ke2 Qg5 21.
Qxg5 hxg5 22. Rac1 Rfd8 23. Rc2 Rd7 24. Rd1 Rxd1 25. Kxd1 f6 26. Ke2 g4 27. f3
gxf3+ 28. Kxf3 Rd8 29. a3 Be7 30. Ke2 Kf7 31. Rc7 Ke8 32. h4 Rd7 33. Rc8+ Rd8
34. Rc1 Rd5 35. b4 Kd7 36. g4 Rd6 37. h5 Rd5 38. Rh1 Rg5 39. Kf3 f5 40. gxf5
exf5 41. Be5 Ke6 42. Bf4 Rg4 43. Rc1 Rh4 44. Rc6+ Kd5 45. Rg6 Rxh5 46. Rxg7 Ke6
47. Rg8 Rh1 48. Ra8 Ra1 49. Rxa6+ Kd5 50. Ra8 Bh4 51. Rh8 Be1 52. Rc8 Rxa3 53.
Rc5+ Ke6 54. Re5+ Kf6 55. Rxb5 Rb3 56. Rb6+ Kf7 57. b5 Rb2 58. Rb8 Bh4 59. Bg3
Bg5 60. b6 Rb3 61. Bf4 Be7 62. b7 Ke6 63. Ke2 Kd7 64. Kd2 Bd6 65. Kc2 Bxf4 66.
exf4 Rb5 67. Kc3 Kc7 68. Rc8+ Kxb7 69. Rc4 Kb6 70. Kd4 Ra5 71. Rc1 Kb7 72. Rc2
Kb6 73. Rc3 Rb5 74. Rc4 Ra5 75. Rc8 Kb7 76. Rc1 Kb6 77. Rc2 Rb5 78. Rc4 Ra5 79.
Rc1 Rb5 80. Rc3 Ra5 81. Ke3 Rc5 82. Ra3 Kc6 83. Kf3 Kd5 84. Kg3 Rc1 85. Re3 Kd6
86. Re5 Rc5 87. Re1 Rc4 88. Re8 Re4 89. Ra8 Ke6 90. Ra6+ Kf7 91. Rb6 Ra4 92. Rc6 1/2-1/2

[Event "TCh-CHN 2017"]
[Site "China CHN"]
[Date "2017.11.03"]
[Round "17.5"]
[Board "2"]
[White "Wen, Yang"]
[Black "Zhou, Jianchao"]
[Result "1-0"]
[WhiteTitle "GM"]
[BlackTitle "GM"]
[WhiteElo "2605"]
[BlackElo "2597"]
[WhiteTeam "Shandong"]
[BlackTeam "Shanghai"]
[WhiteFideId "8602956"]
[BlackFideId "8603537"]
[EventDate "2017.04.18"]

1. Nf3 c5 2. c4 Nf6 3. Nc3 d5 4. cxd5 Nxd5 5. e3 Nc6 6. Bb5 Nxc3 7. dxc3 Qxd1+
8. Kxd1 Bd7 9. a4 O-O-O 10. Nd2 e6 11. Kc2 Be7 12. e4 g5 13. Nc4 a6 14. Bxc6
Bxc6 15. f3 f6 16. Be3 g4 17. Na5 Be8 18. Nb3 gxf3 19. Bxc5 fxg2 20. Rhg1 Bxc5
21. Nxc5 Bc6 22. Rae1 b6 23. Nxe6 Rde8 24. Nf4 Rxe4 25. Rxe4 Bxe4+ 26. Kd2 Rg8
27. Ke3 Bc6 28. Kf2 Rg4 29. Nxg2 Rxa4 30. Ne1 Ra2 31. Nd3 Bb5 32. Ke3 Bxd3 33.
Kxd3 Rxb2 34. Rg8+ Kd7 35. Rg7+ Ke6 36. Rxh7 a5 37. c4 Kf5 38. h4 Rb3+ 39. Kd4
a4 40. Rh5+ Kg4 41. Rh8 a3 42. h5 Kg5 43. h6 1-0

[Event "TCh-CHN 2017"]
[Site "China CHN"]
[Date "2017.11.03"]
[Round "17.5"]
[Board "3"]
[White "Bu, Xiangzhi"]
[Black "Ni, Hua"]
[Result "1/2-1/2"]
[WhiteTitle "GM"]
[BlackTitle "GM"]
[WhiteElo "2730"]
[BlackElo "2671"]
[WhiteTeam "Shandong"]
[BlackTeam "Shanghai"]
[WhiteFideId "8601445"]
[BlackFideId "8601160"]
[EventDate "2017.04.18"]

1. Nf3 d5 2. d4 Nf6 3. c4 e6 4. Nc3 Bb4 5. Bg5 h6 6. Bxf6 Qxf6 7. Qa4+ Nc6 8. e3
O-O 9. Be2 Bd7 10. Qb3 dxc4 11. Qxc4 Qg6 12. O-O Bd6 13. Rac1 Na5 14. Qd3 Qxd3
15. Bxd3 Rac8 16. Ne4 Rfd8 17. Rc2 Ba4 18. b3 Be8 19. Nxd6 cxd6 20. Rfc1 Rxc2
21. Rxc2 Nc6 22. a3 Kf8 23. Kf1 Ke7 24. Ke2 d5 25. Ne5 Kd6 26. Nxc6 Bxc6 27. b4
Bd7 28. f4 Rc8 29. Rc5 b6 30. Rxc8 Bxc8 31. Kd2 Bd7 32. g3 1/2-1/2

[Event "TCh-CHN 2017"]
[Site "China CHN"]
[Date "2017.11.03"]
[Round "17.5"]
[Board "4"]
[White "Ju, Wenjun"]
[Black "Zhang, Lanlin"]
[Result "1-0"]
[WhiteTitle "GM"]
[WhiteElo "2567"]
[BlackElo "2183"]
[WhiteTeam "Shanghai"]
[BlackTeam "Shandong"]
[WhiteFideId "8603006"]
[BlackFideId "8608032"]
[EventDate "2017.04.18"]

1. Nf3 d5 2. g3 Nf6 3. Bg2 e6 4. O-O Be7 5. c4 O-O 6. d4 dxc4 7. Qc2 c5 8. dxc5
Bxc5 9. Qxc4 Qb6 10. Nc3 Bd7 11. Na4 Bxa4 12. Qxa4 Nc6 13. Bd2 a5 14. Rac1 Be7
15. Qc2 Qa6 16. Rfe1 Bb4 17. a3 Bxd2 18. Nxd2 Rac8 19. e3 h6 20. Qb3 Rfd8 21.
Bf1 Qa7 22. Nc4 Ng4 23. Nb6 Rb8 24. Red1 Nge5 25. Be2 Rxd1+ 26. Rxd1 Rd8 27.
Rxd8+ Nxd8 28. Qb5 Nec6 29. Nc4 Qa8 30. Bf3 Qc8 31. Nxa5 Nxa5 32. Qxa5 Nc6 33.
Qc5 Qd7 34. a4 g5 35. a5 Ne7 36. Qa7 Nc6 37. Qb6 Ne5 38. Qxb7 Qd8 39. a6 g4 40.
Be4 Qa5 41. a7 1-0

[Event "TCh-CHN 2017"]
[Site "China CHN"]
[Date "2017.11.03"]
[Round "17.5"]
[Board "5"]
[White "Ni, Shiqun"]
[Black "Ning, Kaiyu"]
[Result "1-0"]
[WhiteTitle "WGM"]
[WhiteElo "2441"]
[BlackElo "2169"]
[WhiteTeam "Shanghai"]
[BlackTeam "Shandong"]
[WhiteFideId "8608466"]
[BlackFideId "8614750"]
[EventDate "2017.04.18"]

1. e4 e6 2. d4 d5 3. Nd2 c5 4. Ngf3 Nf6 5. exd5 Nxd5 6. Nb3 cxd4 7. Nbxd4 Be7 8.
Bd3 Nd7 9. O-O O-O 10. c4 N5f6 11. Qe2 a6 12. Re1 Bb4 13. Rd1 Qc7 14. Bg5 b6 15.
Bc2 Bb7 16. a3 Bc5 17. b4 Bxd4 18. Nxd4 Rac8 19. Rac1 Qe5 20. Be3 Rfd8 21. h3 h6
22. Bb1 Ne4 23. Qc2 Nef6 24. Ne2 b5 25. c5 Be4 26. Qd2 Bxb1 27. Rxb1 Nd5 28. Bd4
Qh5 29. Rb3 Nb8 30. Rd3 Nc6 31. Bb2 Kh7 32. Qe1 Nce7 33. Ng3 Qg6 34. Rd4 f5 35.
R4d3 Rf8 36. Ne2 f4 37. Nd4 f3 38. Rxf3 Rxf3 39. Nxf3 Nf4 40. g3 Nxh3+ 41. Kh2
Qh5 42. Qe4+ Nf5 43. Kg2 Ng5 44. Nxg5+ Qxg5 45. Rd7 Kh8 46. Qxe6 Rf8 47. Qe4 h5
48. Qf4 Qg6 49. Bxg7+ 1-0

[Event "TCh-CHN 2017"]
[Site "China CHN"]
[Date "2017.11.03"]
[Round "17.6"]
[Board "1"]
[White "Zhang, Ziji"]
[Black "Wei, Yi"]
[Result "0-1"]
[BlackTitle "GM"]
[WhiteElo "2355"]
[BlackElo "2743"]
[WhiteTeam "Hebei"]
[BlackTeam "Jiangsu"]
[WhiteFideId "8609470"]
[BlackFideId "8603405"]
[EventDate "2017.04.18"]

1. d4 d6 2. c4 e5 3. Nf3 e4 4. Ng5 f5 5. Nc3 Be7 6. Nh3 Nf6 7. g3 c6 8. d5 Nbd7
9. Bg2 Nb6 10. dxc6 bxc6 11. b3 O-O 12. O-O Be6 13. Ng5 Bd7 14. h4 h6 15. Nh3
Be8 16. a4 Nbd7 17. Bf4 Nc5 18. b4 Ne6 19. b5 d5 20. cxd5 cxd5 21. e3 Rc8 22.
Ne2 Ng4 23. Nd4 Nxd4 24. exd4 g5 25. hxg5 hxg5 26. Bc1 Rc3 27. Qe1 Rd3 28. f3
Qb6 29. fxg4 Qxd4+ 30. Nf2 Rxg3 31. Qd2 Qxa1 32. Bb2 Qa2 33. Ra1 Qb3 0-1

[Event "TCh-CHN 2017"]
[Site "China CHN"]
[Date "2017.11.03"]
[Round "17.6"]
[Board "2"]
[White "Inarkiev, Ernesto"]
[Black "Xu, Jun"]
[Result "1-0"]
[WhiteTitle "GM"]
[BlackTitle "GM"]
[WhiteElo "2689"]
[BlackElo "2507"]
[WhiteTeam "Hebei"]
[BlackTeam "Jiangsu"]
[WhiteFideId "4162722"]
[BlackFideId "8600031"]
[EventDate "2017.04.18"]

1. c4 Nf6 2. Nc3 e6 3. e4 d5 4. e5 d4 5. exf6 dxc3 6. bxc3 Qxf6 7. Nf3 e5 8. Bd3
Na6 9. O-O Bg4 10. Be2 Bd6 11. h3 Bxf3 12. Bxf3 c6 13. Rb1 O-O 14. d4 exd4 15.
cxd4 Rab8 16. Rb3 Rfd8 17. Bb2 Bc7 18. Qa1 Qg5 19. Re1 h6 20. Re4 f5 21. Re6 Re8
22. Qe1 Rxe6 23. Qxe6+ Kh7 24. Re3 Rf8 25. Ba3 Rf6 26. Qd7 Rg6 27. Qc8 Qd8 28.
Qxf5 Qxd4 29. g4 1-0

[Event "TCh-CHN 2017"]
[Site "China CHN"]
[Date "2017.11.03"]
[Round "17.6"]
[Board "3"]
[White "Wan, Yunguo"]
[Black "Yu, Ruiyuan"]
[Result "1/2-1/2"]
[WhiteTitle "GM"]
[BlackTitle "GM"]
[WhiteElo "2486"]
[BlackElo "2499"]
[WhiteTeam "Hebei"]
[BlackTeam "Jiangsu"]
[WhiteFideId "8603189"]
[BlackFideId "8603090"]
[EventDate "2017.04.18"]

1. e4 c6 2. d4 d5 3. e5 Bf5 4. Nd2 e6 5. Nb3 Nd7 6. Nf3 c5 7. Nxc5 Bxc5 8. dxc5
Nxc5 9. Be3 Nd7 10. Nd4 Ne7 11. f4 O-O 12. Be2 Be4 13. O-O Nf5 14. Nxf5 Bxf5 15.
c3 Rc8 16. Qd2 a6 17. Rad1 Qc7 18. Bd4 f6 19. exf6 Nxf6 20. Qe3 Ng4 21. Qg3 Nh6
22. Qg5 Be4 23. g4 Qf7 24. Bd3 Bxd3 25. Rxd3 Qg6 26. Qxg6 hxg6 27. h3 Kf7 28.
Re3 Rc6 29. Re5 Rh8 30. Kg2 Ng8 31. f5 gxf5 32. gxf5 Nf6 33. Rf2 exf5 34. Rexf5
Rd8 35. Rg5 Re6 36. Kh2 Rd7 37. h4 Kf8 38. Kh3 Rf7 39. Rfg2 Re1 40. Kh2 Re4 41.
Bf2 Kg8 42. Kh3 Rd7 43. Bd4 Ne8 44. h5 Kh7 45. Rf2 Nc7 46. Re5 Ne6 47. Rd2 Rf7
48. Kg3 Nxd4 49. cxd4 Rff4 50. Rxd5 Rg4+ 51. Kf2 Rgf4+ 52. Kg2 Rg4+ 53. Kf1
Rgf4+ 54. Kg2 Rg4+ 55. Kf1 Rgf4+ 1/2-1/2

[Event "TCh-CHN 2017"]
[Site "China CHN"]
[Date "2017.11.03"]
[Round "17.6"]
[Board "4"]
[White "Yuan, Ye"]
[Black "Vo, Thi Kim Phung"]
[Result "0-1"]
[BlackTitle "WGM"]
[WhiteElo "2159"]
[BlackElo "2380"]
[WhiteTeam "Jiangsu"]
[BlackTeam "Hebei"]
[WhiteFideId "8608415"]
[BlackFideId "12401838"]
[EventDate "2017.04.18"]

1. d4 Nf6 2. c4 e6 3. Nf3 Bb4+ 4. Nbd2 b6 5. a3 Bxd2+ 6. Qxd2 Bb7 7. e3 a5 8. b3
d6 9. Be2 Nbd7 10. Bb2 Qe7 11. O-O O-O 12. Rad1 Ne4 13. Qc2 f5 14. d5 e5 15. Ne1
Bc8 16. f3 Ng5 17. b4 f4 18. exf4 Rxf4 19. g3 Rf8 20. h4 Nf7 21. Ng2 Nf6 22. Bd3
h6 23. Rde1 axb4 24. axb4 b5 25. Nf4 bxc4 26. Bxc4 Re8 27. Qd3 Rb8 28. Bc3 Qd7
29. Ng2 Qh3 30. g4 h5 31. g5 Bf5 32. Qe2 Nd7 33. Ne3 Qxh4 34. Nxf5 Qxg5+ 35. Kf2
Qxf5 36. Bd3 Qf4 37. Rh1 Nf6 38. Bd2 Qd4+ 39. Be3 Qxd5 40. Bc4 Qc6 41. b5 Qd7
42. Bg5 Nh7 43. Be3 d5 44. Rd1 Nf6 45. b6 c6 46. Ba6 d4 0-1

[Event "TCh-CHN 2017"]
[Site "China CHN"]
[Date "2017.11.03"]
[Round "17.6"]
[Board "5"]
[White "Guo, Qi"]
[Black "Zhai, Mo"]
[Result "1-0"]
[WhiteTitle "IM"]
[BlackTitle "WGM"]
[WhiteElo "2396"]
[BlackElo "2302"]
[WhiteTeam "Jiangsu"]
[BlackTeam "Hebei"]
[WhiteFideId "8604002"]
[BlackFideId "8600201"]
[EventDate "2017.04.18"]

1. d4 Nf6 2. c4 e6 3. Nf3 b6 4. g3 Ba6 5. Qc2 Bb4+ 6. Bd2 Be7 7. e4 d5 8. cxd5
Bxf1 9. Kxf1 exd5 10. e5 Ne4 11. Nc3 Nxd2+ 12. Qxd2 Qd7 13. Kg2 Nc6 14. h4 O-O
15. Rhe1 Nd8 16. Rad1 a5 17. Ng5 h6 18. Nh3 c6 19. Qe3 a4 20. a3 b5 21. Nf4 b4
22. axb4 Bxb4 23. Ra1 Ne6 24. Rec1 c5 25. Ncxd5 cxd4 26. Qe4 Nxf4+ 27. Nxf4 Bd2
28. Rc4 Bxf4 29. Rxd4 Qc7 30. gxf4 Qe7 31. Raxa4 Rxa4 32. Rxa4 Qxh4 33. f5 Qe7
34. Kh3 Qc5 35. Kg2 Qb5 36. Ra8 Qxb2 37. e6 Qf6 38. e7 Qg5+ 39. Kf1 Qxe7 40.
Qxe7 Rxa8 41. f6 Rc8 42. Kg2 Ra8 43. fxg7 Kxg7 44. Qe5+ Kg8 45. Qf6 Re8 46. Qxh6
Re6 47. Qf4 Kg7 48. Qd4+ Kg6 49. f4 f5 50. Qd8 Kf7 51. Qd7+ Kf6 52. Kg3 Re1 53.
Qd4+ Kg6 54. Qb6+ 1-0

[Event "TCh-CHN 2017"]
[Site "China CHN"]
[Date "2017.11.04"]
[Round "18.1"]
[Board "1"]
[White "Fang, Yan"]
[Black "Inarkiev, Ernesto"]
[Result "1/2-1/2"]
[BlackTitle "GM"]
[WhiteElo "2426"]
[BlackElo "2689"]
[WhiteTeam "Beijing"]
[BlackTeam "Hebei"]
[WhiteFideId "8604746"]
[BlackFideId "4162722"]
[EventDate "2017.04.18"]

1. Nf3 Nf6 2. g3 d5 3. Bg2 c6 4. O-O Bg4 5. b3 Nbd7 6. Bb2 e6 7. d3 Bd6 8. Nbd2
O-O 9. h3 Bh5 10. e4 e5 11. exd5 cxd5 12. g4 Bg6 13. Nh4 Rc8 14. Nxg6 hxg6 15.
c4 Re8 16. cxd5 Bb8 17. Re1 Nc5 18. Nc4 Nxd5 19. d4 Na4 20. bxa4 Rxc4 21. dxe5
Nf4 22. Qxd8 Rxd8 23. Rad1 Rxd1 24. Rxd1 Bc7 25. Bf1 Rxa4 26. Rd4 Rxa2 27. Rxf4
Rxb2 28. Bc4 Bxe5 29. Rxf7 Kh7 30. g5 Rb4 31. Bd5 Rd4 32. Rd7 Rh4 33. Rd8 Bf4
34. Bg8+ 1/2-1/2

[Event "TCh-CHN 2017"]
[Site "China CHN"]
[Date "2017.11.04"]
[Round "18.1"]
[Board "2"]
[White "Yu, Yangyi"]
[Black "Wan, Yunguo"]
[Result "1-0"]
[WhiteTitle "GM"]
[BlackTitle "GM"]
[WhiteElo "2751"]
[BlackElo "2486"]
[WhiteTeam "Beijing"]
[BlackTeam "Hebei"]
[WhiteFideId "8603820"]
[BlackFideId "8603189"]
[EventDate "2017.04.18"]

1. c4 Nf6 2. Nc3 g6 3. e4 d6 4. d4 Bg7 5. Be2 O-O 6. Bg5 Na6 7. Qd2 c5 8. d5 e6
9. Nf3 exd5 10. exd5 Re8 11. O-O Qb6 12. Bd3 Bd7 13. h3 Nb4 14. Bb1 Qa6 15. Bxf6
Bxf6 16. Qf4 Be5 17. Qh4 Qb6 18. Nxe5 dxe5 19. Rd1 f5 20. a3 Na6 21. Ba2 Qd6 22.
b4 cxb4 23. axb4 Nxb4 24. c5 Qxc5 25. d6+ Kg7 26. Rac1 Rac8 27. Nd5 Qxc1 28.
Qf6+ Kh6 29. Rxc1 Rxc1+ 30. Kh2 Nxd5 31. Bxd5 Rd1 32. Bf7 Rf8 33. Qh4+ Kg7 34.
Bb3 1-0

[Event "TCh-CHN 2017"]
[Site "China CHN"]
[Date "2017.11.04"]
[Round "18.1"]
[Board "3"]
[White "Wang, Yiye"]
[Black "Peng, Xiongjian"]
[Result "0-1"]
[WhiteTitle "IM"]
[WhiteElo "2435"]
[BlackElo "2410"]
[WhiteTeam "Beijing"]
[BlackTeam "Hebei"]
[WhiteFideId "8606021"]
[BlackFideId "8610550"]
[EventDate "2017.04.18"]

1. Nf3 d5 2. g3 Nf6 3. Bg2 e6 4. O-O Be7 5. d4 b5 6. a4 b4 7. c4 a5 8. Nbd2 Nbd7
9. Ne5 Bb7 10. Nxd7 Qxd7 11. Nf3 dxc4 12. Ne5 Qc8 13. Qc2 Bxg2 14. Kxg2 c3 15.
bxc3 c5 16. Qd3 O-O 17. Bb2 Nd7 18. Nc4 Rd8 19. Rfc1 Qa6 20. cxb4 cxb4 21. e4
Rac8 22. Qb3 Rc7 23. Rc2 Rdc8 24. Rac1 Nf6 25. f3 Nxe4 26. fxe4 Bg5 27. Rf1 Rxc4
28. Rcf2 Qb7 29. Qd3 f5 30. Re1 Bf6 31. Kh3 fxe4 32. Rxe4 Qd5 33. Qe3 Rc2 34.
Ref4 Bg5 35. Qd3 Rxb2 36. Qa6 Rd8 0-1

[Event "TCh-CHN 2017"]
[Site "China CHN"]
[Date "2017.11.04"]
[Round "18.1"]
[Board "4"]
[White "Vo, Thi Kim Phung"]
[Black "Zhao, Xue"]
[Result "1-0"]
[WhiteTitle "WGM"]
[BlackTitle "GM"]
[WhiteElo "2380"]
[BlackElo "2477"]
[WhiteTeam "Hebei"]
[BlackTeam "Beijing"]
[WhiteFideId "12401838"]
[BlackFideId "8601283"]
[EventDate "2017.04.18"]

1. d4 Nf6 2. c4 e6 3. Nc3 Bb4 4. Qc2 O-O 5. Nf3 d5 6. cxd5 exd5 7. Bg5 c6 8. e3
Nbd7 9. Bd3 Qa5 10. O-O Re8 11. Bf4 Nf8 12. h3 Ng6 13. Bg3 Ne4 14. Bxe4 dxe4 15.
Nd2 Bf5 16. a3 Bxc3 17. Nc4 Qd8 18. Qxc3 Re6 19. Rac1 Ne7 20. Qb4 b6 21. Rfd1 h5
22. Bh4 f6 23. Bg3 Kh7 24. Qe1 g5 25. Qe2 h4 26. Bh2 Qd7 27. b4 Rg8 28. Qh5+ Kg7
29. Rd2 Kf8 30. Kh1 Rg7 31. Rdc2 g4 32. Qxh4 Rh7 33. Qg3 gxh3 34. Rg1 Ng6 35.
Qb8+ Ke7 36. g4 Nh4 37. gxf5 Nxf5 38. Qg8 Rf7 39. Qh8 1-0